000 00674nam a22001937a 4500
003 OSt
005 20250708033700.0
008 250708b |||||||| |||| 00| 0 eng d
020 _a0-8245-1139-5
040 _aDWC-Main Lib
_cOC
082 _aCirc. 282 U59l 1991
100 _aUnsworth, Tim
245 _aThe last priests in America:
_bconversations with remarkable men/
_cTim Unsworth
260 _aNew York:
_bThe Crossroad Publishing Company,
_cc1991.
300 _axviii, 281 pages;
_c24cm.
650 _a1. Catholic Church--United States--Clergy--Interviews.
650 _a2. Catholic Church--United States--History--20th century.
942 _2ddc
_cBK-CIRC
_kCirc.
_n0
999 _c3451
_d3451